آ ءينہ ا ر د و صحا فت (Record no. 179518)

MARC details
000 -LEADER
fixed length control field 00651nam a22001937a 4500
005 - DATE AND TIME OF LATEST TRANSACTION
control field 20210630115816.0
010 ## - LCCN (DPL NO)
LC control number UR-11147
020 ## - INTERNATIONAL STANDARD BOOK NUMBER
Terms of availability 100.00
International Standard Book Number -
035 ## - SYSTEM CONTROL NUMBER
System control number U-9701
037 ## - SOURCE OF ACQUISITION
Source of stock number/acquisition DBAD/PUB
082 ## - DEWEY DECIMAL CLASSIFICATION NUMBER
Classification number 440.9
100 ## - MAIN ENTRY--PERSONAL NAME
Personal name مر ز ا مر تضی ا قبا ل
245 ## - TITLE STATEMENT
Title آ ءينہ ا ر د و صحا فت
Statement of responsibility, etc مر ز ا مر تضی ا قبا ل
246 ## - VARYING FORM OF TITLE
Title proper/short title Ayyna-e-Urdu Sahafat (Urdu)
Remainder of title by Mirza Murtaza Iqbal
260 ## - PUBLICATION, DISTRIBUTION, ETC. (IMPRINT)
Place of publication, distribution, etc Muradabad
Date of publication, distribution, etc 2020 ء
Name of publisher, distributor, etc Mirza Murtaza Iqbal
270 ## - ADDRESS
Address Jayyed Press, Sambhali Gate,
City Muradabad(U.P.)
Postal code 244001
Fax number -
300 ## - PHYSICAL DESCRIPTION
Extent 168+168 ص
Dimensions 22 Cm(Hb)
942 ## - ADDED ENTRY ELEMENTS (KOHA)
Source of classification or shelving scheme Dewey Decimal Classification
Item type Urdu Bks
Classification part 440.9
Call number suffix ص ح ا
Holdings
Withdrawn status Lost status Not for loan Collection code Home library Current library Date acquired Source of acquisition Cost, normal purchase price Full call number Barcode Copy number Cost, replacement price Koha item type
      Non-fiction D.B.Act.Division Central Library 17/06/2021 DBAD/PUB 100.00 440.9 ص ح ا U-9702 1 100.00 Urdu Bks

© Delhi Public Library
Hit Counter
free hit counter